| 000 -LEADER |
| fixed length control field |
00770cam a22001457a 4500 |
| 008 - FIXED-LENGTH DATA ELEMENTS--GENERAL INFORMATION |
| fixed length control field |
180718b1979 xxu||||| |||| 00| 0 eng d |
| 082 ## - DEWEY DECIMAL CLASSIFICATION NUMBER |
| Classification number |
XA82403x5442 M278 |
| 100 ## - MAIN ENTRY--PERSONAL NAME |
| Personal name |
Maharashtra State Law Commission |
| 245 ## - TITLE STATEMENT |
| Title |
Twelfth report on the unification of rent restriction laws in the state, namely,-the Bombay, hotel and lodging house rates control act, 1947, the Hyderabad houses(rent, eviction and lease) control act, 1954 and the central provinces and bear regulation of letting of accommodation act, 1946 |
| Statement of responsibility, etc. |
by Maharashtra State Law Commission |
| 260 ## - PUBLICATION, DISTRIBUTION, ETC. |
| Place of publication, distribution, etc. |
Bombay |
| Name of publisher, distributor, etc. |
Maharashtra State Law Commission |
| Date of publication, distribution, etc. |
1979 |
| 300 ## - PHYSICAL DESCRIPTION |
| Extent |
iii, 199p |
| 500 ## - GENERAL NOTE |
| General note |
Chairman: Raja S. Bhonsale |
| 650 ## - SUBJECT ADDED ENTRY--TOPICAL TERM |
| Topical term or geographic name entry element |
Rent - legislation - India - Maharashtra. |
| 700 ## - ADDED ENTRY--PERSONAL NAME |
| Personal name |
Bhonsale, Raja S.(Chairman) |